000 00547nam a2200181Ia 4500
008 151202s9999||||xx |||||||||||||| ||und||
082 _bPNVM-55863
100 _aलागू चिंतामणी.
245 _aव्हीनस.
260 _b"दिलीप प्रकाशन,मुंबई."
260 _c1981
300 _a178
600 _aलागू चिंतामणी.
630 _aव्हीनस.
700 _aलागू चिंतामणी.
730 _aव्हीनस.
942 _cBOOK
999 _c1322401
_d1322398